00299nam a22000857a 4500008004100000010001500041245008900056260002300145500004500168150619b xxu||||| |||| 00| 0 eng d 8HCCRSF:005 aHIGH COURT CRIMINAL SESSION NO.264 OF 1969 Uganda Vs 1. Suizini Mugisha Tinkanalirwe aHigh Court Kampala 3BEFORE: Hon. Mr. Ag. Justice Y.V. Phadke